Statistics for Top Rice Importing Countries (2020)

Click here to take the quiz!

General Stats

  • This quiz has been taken 1,349 times
    (343 since last reset)
  • The average score is 11 of 15

Answer Stats

In USDAnswer% Correct
1.5 BillionChina
97%
1.3 BillionUnited States
96%
504 MillionJapan
90%
620 MillionUnited Kingdom
88%
588 MillionFrance
87%
463 MillionGermany
85%
445 MillionCanada
84%
881 MillionIran
70%
1.4 BillionSaudi Arabia
68%
641 MillionIraq
61%
862 MillionPhilippines
57%
547 MillionSouth Africa
54%
560 MillionUnited Arab Emirates
54%
590 MillionMalaysia
53%
636 MillionBenin
9%

Score Distribution

Percentile by Number Answered

Percent of People with Each Score

Your Score History

You have not taken this quiz since the last reset